Retail therapy ; Store Design Today (Record no. 48337)

MARC details
000 -LEADER
fixed length control field 00376nam a2200145Ia 4500
008 - FIXED-LENGTH DATA ELEMENTS--GENERAL INFORMATION
fixed length control field 220805s9999 xx 000 0 und d
020 ## - INTERNATIONAL STANDARD BOOK NUMBER
International Standard Book Number 9 781864701159
041 ## - LANGUAGE CODE
Language code of text/sound track or separate title eng
082 ## - DEWEY DECIMAL CLASSIFICATION NUMBER
Classification number 725.21
100 ## - MAIN ENTRY--PERSONAL NAME
Personal name Ed. Boekel, Andrea
9 (RLIN) 87805
260 ## - PUBLICATION, DISTRIBUTION, ETC. (IMPRINT)
Place of publication, distribution, etc. Australlia
Name of publisher, distributor, etc. The Images publishing group
Date of publication, distribution, etc. 2007
245 ## - TITLE STATEMENT
Title Retail therapy ; Store Design Today
250 ## - EDITION STATEMENT
Edition statement 1
300 ## - PHYSICAL DESCRIPTION
Extent 224
Holdings
Withdrawn status Lost status Damaged status Not for loan Collection code Home library Current library Date acquired Vendor Cost, normal purchase price Total Checkouts Full call number Barcode Date last seen Bill Date Koha item type Original Barcode
          Manilal Nanavati Vocational Training Institute Pune Manilal Nanavati Vocational Training Institute Pune 09/08/2022 Purchase 1495.00   725.21/BOE/B896 MNVT-BK-896 09/08/2022 09/08/2022 Books B896